<?xml version="1.0" encoding="UTF-8"?><?xml-stylesheet type="text/xsl" href="static/style.xsl"?><OAI-PMH xmlns="http://www.openarchives.org/OAI/2.0/" xmlns:xsi="http://www.w3.org/2001/XMLSchema-instance" xsi:schemaLocation="http://www.openarchives.org/OAI/2.0/ http://www.openarchives.org/OAI/2.0/OAI-PMH.xsd"><responseDate>2026-06-07T06:24:53Z</responseDate><request verb="GetRecord" identifier="oai:riuma.uma.es:10630/27919" metadataPrefix="marc">https://riuma.uma.es/rest/oai/request</request><GetRecord><record><header><identifier>oai:riuma.uma.es:10630/27919</identifier><datestamp>2026-02-03T11:19:07Z</datestamp><setSpec>com_10630_2254</setSpec><setSpec>col_10630_37953</setSpec></header><metadata><record xmlns="http://www.loc.gov/MARC21/slim" xmlns:dcterms="http://purl.org/dc/terms/" xmlns:doc="http://www.lyncode.com/xoai" xmlns:xsi="http://www.w3.org/2001/XMLSchema-instance" xsi:schemaLocation="http://www.loc.gov/MARC21/slim http://www.loc.gov/standards/marcxml/schema/MARC21slim.xsd">
   <leader>00925njm 22002777a 4500</leader>
   <datafield ind2=" " ind1=" " tag="042">
      <subfield code="a">dc</subfield>
   </datafield>
   <datafield ind2=" " ind1=" " tag="720">
      <subfield code="a">Ruiz-Padrón, Luis</subfield>
      <subfield code="e">author</subfield>
   </datafield>
   <datafield ind2=" " ind1=" " tag="720">
      <subfield code="a">Gámiz-Gordo, Antonio</subfield>
      <subfield code="e">author</subfield>
   </datafield>
   <datafield ind2=" " ind1=" " tag="260">
      <subfield code="c">2015</subfield>
   </datafield>
   <datafield ind2=" " ind1=" " tag="520">
      <subfield code="a">Que Goya había adquirido una casa de labranza en la ribera sur del Manzanares, donde residía tras el regreso a España de Fernando VII en 1814, era sabido. Como lo era que había decorado sus muros con las más extraordinarias, misteriosas y vanguardistas de sus obras, las Pinturas Negras. El emplazamiento de la casa, sin embargo, no estaba claro, y el Ayuntamiento de Madrid lo situaba erróneamente, mediante una modesta placa. Sin embargo, la célebre Quinta del Sordo estaba a la vista de todos en una maqueta de la Villa y Corte encargada por el monarca y que se conserva en el Museo de Historia de Madrid. Los responsables del hallazgo han querido que su descubrimiento se dé a conocer en las páginas de Descubrir el Arte antes de hacerlo en publicaciones académicas. Nos complace así ofrecer a nuestros lectores, en exclusiva, la localización de la morada del genial pintor en las afueras de la capital y corregir los errores en la ubicación de la. misma. La identificación y valoración de la casa de Goya ha sido posible gracias a los investigadores Carlos Teixidor, César Díaz-Aguado, Miguel Hervás León, Samuel Alarcón, Antonio Gámiz Gordo y Luis Ruiz Padrón. El descubrimiento abre la puerta a saber más sobre la extraordinaria serie de frescos, luego trasladados a lienzo, que el artista hizo, no por encargo sino para sí mismo, y que son una visión ácida y lúcida, valga la rima, de la España de su tiempo.</subfield>
   </datafield>
   <datafield ind1="8" ind2=" " tag="024">
      <subfield code="a">Ruiz Padrón, L. y Gámiz-Gordo, A. (2015). La Quinta de Goya. Una casa sencilla en torno a dos patios. Descubrir el Arte, 201, 22-23.</subfield>
   </datafield>
   <datafield ind1="8" ind2=" " tag="024">
      <subfield code="a">1578-9047</subfield>
   </datafield>
   <datafield ind1="8" ind2=" " tag="024">
      <subfield code="a">https://hdl.handle.net/10630/27919</subfield>
   </datafield>
   <datafield tag="653" ind2=" " ind1=" ">
      <subfield code="a">Edificios históricos</subfield>
   </datafield>
   <datafield ind2="0" ind1="0" tag="245">
      <subfield code="a">La Quinta de Goya. Una casa sencilla en torno a dos patios.</subfield>
   </datafield>
</record>
</metadata></record></GetRecord></OAI-PMH>